[Event "SE-2022-0-00333"]
[Site "LSS email"]
[Date "2022.01.23"]
[Round "?"]
[White "Eraclides, George"]
[Black "Endean, Andrew"]
[Result "1-0"]
[WhiteElo "1387"]
[BlackElo "1362"]
[PlyCount "35"]
[EventDate "2021.07.20"]
[EventType "tourn (corr)"]
[EventRounds "6"]
[EventCountry "GER"]
[SourceTitle "Corr 2024"]
[Source "ChessBase"]
[SourceDate "2023.10.19"]
[SourceVersion "1"]
[SourceVersionDate "2023.10.19"]
[SourceQuality "1"]

1. e4 e5 2. Nf3 Nf6 3. Nxe5 d6 4. Nf3 Nxe4 5. Nc3 Nxc3 6. dxc3 Be7 7. Be3 Nc6 8. Qd2 Bg4 9. Be2 0-0 10. h3 Bh5 11. 0-0-0 Bf6 12. g4 Bg6 13. h4 Be4 14. Rh3 a6 15. Ng5 Re8 16. Nxe4 Rxe4 17. g5 Rxe3 18. Qxe3 1-0

[Event "SE-2022-0-00333"]
[Site "LSS email"]
[Date "2022.01.23"]
[Round "?"]
[White "Eraclides, George"]
[Black "Grimm, Wolfgang"]
[Result "1-0"]
[WhiteElo "1387"]
[BlackElo "1350"]
[PlyCount "65"]
[EventDate "2021.07.20"]
[EventType "tourn (corr)"]
[EventRounds "6"]
[EventCountry "GER"]
[SourceTitle "Corr 2024"]
[Source "ChessBase"]
[SourceDate "2023.10.19"]
[SourceVersion "1"]
[SourceVersionDate "2023.10.19"]
[SourceQuality "1"]

1. e4 Nc6 2. d4 d5 3. e5 Bf5 4. c3 e6 5. f4 Qh4+ 6. g3 Qe7 7. Nf3 0-0-0 8. Bg2 Qd7 9. Qe2 Be7 10. Be3 Nh6 11. h3 Bg6 12. Bf2 Nb8 13. 0-0 Nf5 14. g4 Nh6 15. Nbd2 Na6 16. b4 c6 17. Nb3 Kb8 18. a4 Nc7 19. b5 cxb5 20. Nc5 Bxc5 21. dxc5 bxa4 22. Nd4 f6 23. c6 bxc6 24. Rxa4 a6 25. f5 Nxf5 26. Rb1+ Nb5 27. gxf5 Bxf5 28. Rxa6 Bxb1 29. Nxc6+ Qxc6 30. Rxc6 Nc7 31. Qb2+ Kc8 32. Ba7 Kd7 33. Rxc7+ 1-0

[Event "LSS No Engine Cup 215 Preliminary 0"]
[Site "LSS email"]
[Date "2021.03.13"]
[Round "?"]
[White "Neumann, Otto"]
[Black "Eraclides, George"]
[Result "0-1"]
[WhiteElo "1173"]
[BlackElo "1600"]
[PlyCount "60"]
[EventDate "2021.03.13"]
[EventType "tourn (corr)"]
[EventRounds "6"]
[EventCountry "GER"]
[SourceTitle "Corr 2024"]
[Source "ChessBase"]
[SourceDate "2023.10.19"]
[SourceVersion "1"]
[SourceVersionDate "2023.10.19"]
[SourceQuality "1"]

1. d4 Nf6 2. c4 g6 3. Nc3 d5 4. Qb3 dxc4 5. Qxc4 Bg7 6. Bg5 0-0 7. Nf3 c6 8. a3 Be6 9. Qd3 Na6 10. e4 Nc7 11. Be2 h6 12. Be3 Nfe8 13. 0-0 Nd6 14. Bf4 Bc4 15. Qc2 Bxe2 16. Nxe2 Ne6 17. Bg3 Rc8 18. Rac1 Nb5 19. Be5 Nexd4 20. Nexd4 Nxd4 21. Bxd4 Bxd4 22. Rfd1 c5 23. Qc4 Qb6 24. b3 Bb2 25. Rb1 Rfd8 26. Rd5 e6 27. Rd3 Rxd3 28. Qxd3 Rd8 29. Qc2 Bxa3 30. h3 Bb4 0-1

[Event "SE-2020-0-00319"]
[Site "LSS email"]
[Date "2020.09.20"]
[Round "?"]
[White "Eraclides, George"]
[Black "Shim Ng Min, Francis"]
[Result "1/2-1/2"]
[WhiteElo "1321"]
[BlackElo "1272"]
[PlyCount "56"]
[EventDate "2020.08.09"]
[EventType "tourn (corr)"]
[EventRounds "6"]
[EventCountry "GER"]
[SourceTitle "Corr 2024"]
[Source "ChessBase"]
[SourceDate "2023.10.19"]
[SourceVersion "1"]
[SourceVersionDate "2023.10.19"]
[SourceQuality "1"]

1. d4 Nf6 2. Nf3 d5 3. c3 e6 4. Bf4 Bd6 5. Bg3 0-0 6. e3 c5 7. Bd3 Nc6 8. Nbd2 cxd4 9. exd4 h6 10. Ne5 Bxe5 11. dxe5 Nd7 12. Nf3 Nc5 13. 0-0 Nxd3 14. Qxd3 Bd7 15. h4 a6 16. Bf4 Ne7 17. Qd2 Kh7 18. g4 Ng8 19. g5 Bc6 20. Nd4 Qe7 21. Rfe1 Rac8 22. Kg2 h5 23. Kh2 g6 24. Be3 Qc7 25. f4 Ne7 26. Qf2 Bd7 27. Rac1 b5 28. Kg1 Nc6 1/2-1/2

[Event "SE-2020-0-00319"]
[Site "LSS email"]
[Date "2020.09.20"]
[Round "?"]
[White "Raines, David"]
[Black "Eraclides, George"]
[Result "1/2-1/2"]
[WhiteElo "1265"]
[BlackElo "1321"]
[PlyCount "41"]
[EventDate "2020.08.09"]
[EventType "tourn (corr)"]
[EventRounds "6"]
[EventCountry "GER"]
[SourceTitle "Corr 2024"]
[Source "ChessBase"]
[SourceDate "2023.10.19"]
[SourceVersion "1"]
[SourceVersionDate "2023.10.19"]
[SourceQuality "1"]

1. d4 Nf6 2. Bf4 g6 3. Nc3 d5 4. e3 Bg7 5. Be2 0-0 6. h4 h5 7. Nf3 c5 8. Ne5 Nc6 9. Qd2 cxd4 10. exd4 Ne4 11. Nxe4 dxe4 12. Nxc6 bxc6 13. c3 Qd5 14. 0-0 Bf5 15. Be3 Rfd8 16. Rfd1 Qa5 17. b4 Qc7 18. Bg5 Rd7 19. Qf4 Qxf4 20. Bxf4 Bf6 21. g3 1/2-1/2

[Event "SE-2018-0-00273"]
[Site "LSS email"]
[Date "2018.03.27"]
[Round "?"]
[White "Glowinski, Daniel"]
[Black "Eraclides, George"]
[Result "1-0"]
[WhiteElo "1383"]
[BlackElo "1354"]
[PlyCount "37"]
[EventDate "2018.02.03"]
[EventType "tourn (corr)"]
[EventRounds "6"]
[EventCountry "GER"]
[SourceTitle "Corr 2022"]
[Source "ChessBase"]
[SourceDate "2021.10.24"]
[SourceVersion "1"]
[SourceVersionDate "2021.10.24"]
[SourceQuality "1"]

1. e4 e5 2. Nf3 Nc6 3. Bb5 a6 4. Bxc6 dxc6 5. 0-0 f6 6. d4 Bg4 7. c3 Bd6 8. Nbd2 Qe7 9. Nc4 0-0-0 10. h3 Bh5 11. Qd3 Qd7 12. dxe5 fxe5 13. Nfxe5 Qe6 14. Nxd6+ cxd6 15. Nc4 Bg6 16. Bf4 Kc7 17. Nxd6 Rxd6 18. Rfd1 Bxe4 19. Qe3 1-0

[Event "SE-2017-0-00247"]
[Site "LSS email"]
[Date "2017.03.15"]
[Round "?"]
[White "Eraclides, George"]
[Black "Couspeyre, Thierry"]
[Result "1/2-1/2"]
[WhiteElo "1382"]
[BlackElo "1328"]
[PlyCount "44"]
[EventDate "2017.01.09"]
[EventType "tourn (corr)"]
[EventRounds "6"]
[EventCountry "GER"]
[SourceTitle "Corr 2022"]
[Source "ChessBase"]
[SourceDate "2021.10.24"]
[SourceVersion "1"]
[SourceVersionDate "2021.10.24"]
[SourceQuality "1"]

1. d4 Nf6 2. Bg5 g6 3. Bxf6 exf6 4. e3 Bg7 5. g3 0-0 6. Bg2 d5 7. Ne2 c6 8. 0-0 Be6 9. Nd2 Nd7 10. Rc1 Nb6 11. b3 Qd7 12. Nf4 f5 13. c4 dxc4 14. bxc4 Qe7 15. Qc2 Rfd8 16. c5 Nd5 17. Nxd5 Bxd5 18. Bxd5 Rxd5 19. Nc4 Qd7 20. Rb1 f4 21. gxf4 Qg4+ 22. Kh1 Qf3+ 1/2-1/2

[Event "SE-2016-0-00235"]
[Site "LSS email"]
[Date "2016.09.24"]
[Round "?"]
[White "Eraclides, George"]
[Black "Obrien, Glenn"]
[Result "0-1"]
[WhiteElo "1386"]
[BlackElo "1384"]
[PlyCount "46"]
[EventDate "2016.07.29"]
[EventType "tourn (corr)"]
[EventRounds "6"]
[EventCountry "GER"]
[SourceTitle "Corr 2022"]
[Source "ChessBase"]
[SourceDate "2021.10.24"]
[SourceVersion "1"]
[SourceVersionDate "2021.10.24"]
[SourceQuality "1"]

1. e4 e5 2. Nf3 Nc6 3. Bc4 Nf6 4. d3 Bc5 5. c3 d6 6. b4 Bb6 7. a4 a6 8. 0-0 0-0 9. Nbd2 h6 10. Ba2 Ne7 11. Nc4 Ba7 12. Qc2 b5 13. axb5 axb5 14. Ne3 Ng6 15. Nd5 c6 16. Ne3 Nf4 17. d4 Re8 18. dxe5 dxe5 19. h3 Qd3 20. Qxd3 Nxd3 21. Bb1 Nxc1 22. Rxc1 Bxe3 23. fxe3 Rxa1 0-1

[Event "SE-2016-0-00235"]
[Site "LSS email"]
[Date "2016.09.23"]
[Round "?"]
[White "Eraclides, George"]
[Black "Lenz, Juergen"]
[Result "1-0"]
[WhiteElo "1386"]
[BlackElo "1088"]
[PlyCount "103"]
[EventDate "2016.07.29"]
[EventType "tourn (corr)"]
[EventRounds "6"]
[EventCountry "GER"]
[SourceTitle "Corr 2022"]
[Source "ChessBase"]
[SourceDate "2021.10.24"]
[SourceVersion "1"]
[SourceVersionDate "2021.10.24"]
[SourceQuality "1"]

1. e4 Nf6 2. e5 Nd5 3. Nc3 e6 4. d4 d6 5. Nf3 dxe5 6. Nxe5 Be7 7. Qf3 0-0 8. Nxd5 exd5 9. Be3 Be6 10. Bd3 f6 11. Qh5 f5 12. 0-0-0 Qe8 13. Qh3 Bd6 14. Bf4 Nd7 15. Rde1 Nxe5 16. Bxe5 Qd7 17. g4 g6 18. Qh6 Bxe5 19. Rxe5 Rae8 20. Rhe1 Qf7 21. gxf5 Bxf5 22. Bxf5 Rxe5 23. Rxe5 gxf5 24. Qg5+ Kh8 25. Re7 Qg6 26. Qxg6 hxg6 27. Rxc7 Re8 28. Kd2 Re4 29. c3 Rh4 30. Rxb7 Rxh2 31. Ke2 a5 32. Rd7 Rh1 33. Rxd5 Rb1 34. Rb5 a4 35. a3 Kg7 36. c4 Kf6 37. d5 Ke5 38. f4+ Kd6 39. Rb6+ Kc5 40. Rc6+ Kd4 41. d6 Rxb2+ 42. Kf3 Rb3+ 43. Kg2 Ke4 44. d7 Rd3 45. Re6+ Kxf4 46. Re7 Rd2+ 47. Kf1 g5 48. c5 g4 49. c6 g3 50. c7 g2+ 51. Kg1 Kf3 52. d8Q 1-0

[Event "SE-2016-0-00235"]
[Site "LSS email"]
[Date "2016.09.23"]
[Round "?"]
[White "Eraclides, George"]
[Black "Lombart, Philippe"]
[Result "0-1"]
[WhiteElo "1386"]
[BlackElo "1254"]
[PlyCount "56"]
[EventDate "2016.07.29"]
[EventType "tourn (corr)"]
[EventRounds "6"]
[EventCountry "GER"]
[SourceTitle "Corr 2022"]
[Source "ChessBase"]
[SourceDate "2021.10.24"]
[SourceVersion "1"]
[SourceVersionDate "2021.10.24"]
[SourceQuality "1"]

1. e4 e5 2. Nc3 Nf6 3. f4 d5 4. fxe5 Nxe4 5. d3 Nxc3 6. bxc3 d4 7. Nf3 Nc6 8. cxd4 Nxd4 9. c3 Nxf3+ 10. Qxf3 Be7 11. d4 c6 12. Bd3 Be6 13. 0-0 Qd7 14. Rf2 0-0 15. Qe4 g6 16. Bh6 Rfd8 17. Raf1 b5 18. Qe3 c5 19. Rf4 Rac8 20. Qf2 cxd4 21. cxd4 Qd5 22. Bxb5 Qxb5 23. Rxf7 Qxf1+ 24. Qxf1 Bxf7 25. Be3 Rc2 26. Qd1 Rxa2 27. Bf2 Bd5 28. Qc1 Rf8 0-1

[Event "SE-2016-0-00231"]
[Site "LSS email"]
[Date "2016.07.27"]
[Round "?"]
[White "Wilshusen, Horst"]
[Black "Eraclides, George"]
[Result "1-0"]
[WhiteElo "1317"]
[BlackElo "1386"]
[PlyCount "135"]
[EventDate "2016.05.29"]
[EventType "tourn (corr)"]
[EventRounds "6"]
[EventCountry "GER"]
[SourceTitle "Corr 2022"]
[Source "ChessBase"]
[SourceDate "2021.10.24"]
[SourceVersion "1"]
[SourceVersionDate "2021.10.24"]
[SourceQuality "1"]

1. e4 e5 2. Nf3 Nc6 3. Bb5 a6 4. Ba4 Nf6 5. 0-0 b5 6. Bb3 d6 7. c3 Be7 8. Re1 0-0 9. h3 Na5 10. Bc2 c5 11. d4 Qc7 12. Nbd2 cxd4 13. cxd4 Bd7 14. Nf1 Rac8 15. Bd3 exd4 16. Nxd4 Nc6 17. Nf5 Bxf5 18. exf5 Rfe8 19. Bf4 Qb7 20. Rc1 Nb4 21. Bb1 Rxc1 22. Bxc1 Qd5 23. Ne3 Qxd1 24. Nxd1 Bd8 25. Rxe8+ Nxe8 26. a3 Nd5 27. Ne3 Nxe3 28. Bxe3 Bf6 29. b3 Kf8 30. Be4 Bb2 31. a4 bxa4 32. bxa4 Nf6 33. Bb7 a5 34. Bd2 Bd4 35. Bxa5 d5 36. Kf1 Ke7 37. f3 Kd6 38. Ke2 Bc5 39. g4 Nd7 40. Ba6 Ba7 41. Bb5 Ne5 42. f4 Nc6 43. Bxc6 Kxc6 44. g5 Kd7 45. h4 g6 46. fxg6 hxg6 47. Kf3 Ke6 48. Bd2 Kf5 49. a5 f6 50. gxf6 Kxf6 51. Kg4 Bd4 52. a6 Bc5 53. Bb4 Bb6 54. Ba5 Bc5 55. Bd8+ Kf7 56. f5 gxf5+ 57. Kxf5 Ba7 58. h5 Kg7 59. Bg5 Kh7 60. Bd2 Bd4 61. Ke6 Ba7 62. Kxd5 Kg8 63. Kc6 Kf7 64. Kb7 Bd4 65. Ba5 Kg8 66. Bb6 Bxb6 67. Kxb6 Kh7 68. a7 1-0

[Event "SE-2016-0-00231"]
[Site "LSS email"]
[Date "2016.07.24"]
[Round "?"]
[White "Eraclides, George"]
[Black "Vio, Mauro"]
[Result "0-1"]
[WhiteElo "1386"]
[BlackElo "1369"]
[PlyCount "56"]
[EventDate "2016.05.29"]
[EventType "tourn (corr)"]
[EventRounds "6"]
[EventCountry "GER"]
[SourceTitle "Corr 2022"]
[Source "ChessBase"]
[SourceDate "2021.10.24"]
[SourceVersion "1"]
[SourceVersionDate "2021.10.24"]
[SourceQuality "1"]

1. g3 e5 2. Bg2 Nf6 3. d3 Nc6 4. c3 d5 5. Nd2 Be7 6. Ngf3 e4 7. dxe4 dxe4 8. Ng5 e3 9. fxe3 Ng4 10. Bxc6+ bxc6 11. Ngf3 0-0 12. Qa4 Bc5 13. Ne4 Bb6 14. 0-0 Nxe3 15. Bxe3 Bxe3+ 16. Kg2 Re8 17. Rad1 Qe7 18. Qxc6 Rb8 19. Qc4 h6 20. Nf2 Rxb2 21. a4 Qf6 22. Rb1 Rxb1 23. Rxb1 Ba6 24. Qg4 Bxf2 25. Kxf2 Rxe2+ 26. Kg1 Bd3 27. Rb8+ Kh7 28. h4 Re3 0-1